A survival guide for project managers (Record no. 4086)

MARC details
000 -LEADER
fixed length control field 00438 a2200169 4500
000 - LEADER
fixed length control field BKB
001 - CONTROL NUMBER
control field 070655
005 - DATE AND TIME OF LATEST TRANSACTION
control field 20200902150849.0
008 - FIXED-LENGTH DATA ELEMENTS--GENERAL INFORMATION
fixed length control field
082 ## - DEWEY DECIMAL CLASSIFICATION NUMBER
Classification number 658.404
Item number T21S
100 1# - MAIN ENTRY--PERSONAL NAME
Personal name Taylor, James
245 1# - TITLE STATEMENT
Title A survival guide for project managers
Statement of responsibility, etc by James Taylor
250 ## - EDITION STATEMENT
Edition statement 2nd ed.
260 ## - PUBLICATION, DISTRIBUTION, ETC. (IMPRINT)
Place of publication, distribution, etc New York
Name of publisher, distributor, etc AMACOM
Date of publication, distribution, etc 2006
300 ## - PHYSICAL DESCRIPTION
Extent 312p.
690 ## - LOCAL SUBJECT ADDED ENTRY--TOPICAL TERM (OCLC, RLIN)
Topical term or geographic name as entry element Project management
Holdings
Withdrawn status Lost status Damaged status Not for loan Home library Current library Date acquired Cost, normal purchase price Total Checkouts Full call number Barcode Date last seen Price effective from Koha item type
        Central University Of Rajasthan Central University Of Rajasthan 07/03/2012 902.54   658.404 T21S 4942 21/11/2024 02/09/2020 Books